[Event "Mostoles op 10th"]
[Site "Mostoles"]
[Date "2019.07.26"]
[Round "9"]
[White "Garcia Diaz, Victor Manuel"]
[Black "Martin Lozano, Miguel Angel"]
[Result "1/2-1/2"]
[WhiteElo "2160"]
[BlackElo "1720"]
[PlyCount "118"]
[EventDate "2019.07.18"]
[EventType "swiss"]
[EventRounds "9"]
[EventCountry "ESP"]
[SourceTitle "EXT 2021"]
[Source "ChessBase"]
[SourceDate "2020.10.23"]
[SourceVersion "1"]
[SourceVersionDate "2020.10.23"]
[SourceQuality "1"]

1. e4 e6 2. d4 d5 3. Nc3 Nf6 4. e5 Nfd7 5. f4 c5 6. Nf3 Nc6 7. Be3 Be7 8. Be2 a6 9. 0-0 cxd4 10. Nxd4 Nxd4 11. Bxd4 b5 12. Kh1 Bc5 13. f5 Qb6 14. fxe6 fxe6 15. Bxc5 Nxc5 16. Nxd5 exd5 17. Qxd5 Ra7 18. Bh5+ g6 19. Rf6 Be6 20. Qf3 Nd7 21. Rf4 Rf8 22. Rxf8+ Nxf8 23. Bg4 Qb7 24. Qe2 Bxg4 25. Qxg4 Qd7 26. Qe4 Qe6 27. Rf1 Qc4 28. Qf3 Rf7 29. Qa8+ Ke7 30. Rg1 Rf1 31. Qa7+ Nd7 32. Qxa6 Rxg1+ 33. Kxg1 Qd4+ 34. Kf1 Qf4+ 35. Ke2 Qxe5+ 36. Kd2 Qxb2 37. Qa8 Qb4+ 38. Kc1 Qf4+ 39. Kb2 Qxh2 40. Qb7 h5 41. Qxb5 Qe5+ 42. Qxe5+ Nxe5 43. Kc3 Ke6 44. a4 Nc6 45. Kc4 g5 46. Kc5 Kd7 47. Kd5 h4 48. c4 g4 49. Ke4 Ne7 50. a5 Kc6 51. Kf4 g3 52. Kg4 Ng6 53. Kh3 Kb7 54. c5 Nf4+ 55. Kxh4 Nxg2+ 56. Kxg3 Ne1 57. c6+ Kxc6 58. a6 Kb6 59. a7 Kxa7 1/2-1/2

[Event "Mostoles op 10th"]
[Site "Mostoles"]
[Date "2019.07.18"]
[Round "1"]
[White "Garcia Diaz, Victor Manuel"]
[Black "Lopez Manso, Jeronimo"]
[Result "1-0"]
[WhiteElo "2160"]
[BlackElo "1560"]
[PlyCount "31"]
[EventDate "2019.07.18"]
[EventType "swiss"]
[EventRounds "9"]
[EventCountry "ESP"]
[SourceTitle "EXT 2020"]
[Source "ChessBase"]
[SourceDate "2019.10.17"]
[SourceVersion "1"]
[SourceVersionDate "2019.10.17"]
[SourceQuality "1"]

1. e4 Nf6 2. e5 Nd5 3. d4 d6 4. Nf3 Bg4 5. exd6 cxd6 6. Bc4 Nf6 7. h3 Bh5 8. Bf4 Nbd7 9. 0-0 d5 10. Bd3 Ne4 11. Re1 Qb6 12. Nc3 Bxf3 13. Qxf3 Nxc3 14. bxc3 Nf6 15. Rab1 Qa5 16. Rxb7 1-0

[Event "Mostoles op 9th"]
[Site "Mostoles"]
[Date "2018.07.19"]
[Round "3"]
[White "Garcia Diaz, Victor Manuel"]
[Black "Elissalt Cardenas, Hector"]
[Result "1/2-1/2"]
[WhiteElo "2139"]
[BlackElo "2329"]
[PlyCount "128"]
[EventDate "2018.07.17"]
[EventType "swiss"]
[EventRounds "9"]
[EventCountry "ESP"]
[SourceTitle "CBM 186 Extra"]
[Source "ChessBase"]
[SourceDate "2018.08.24"]
[SourceVersion "1"]
[SourceVersionDate "2018.08.24"]
[SourceQuality "1"]

1. e4 c5 2. c3 Nf6 3. Bd3 e5 4. Nf3 Nc6 5. Bc2 d6 6. h3 Be7 7. d4 Qc7 8. Be3 0-0 9. Nbd2 Bd7 10. 0-0 b5 11. Rc1 Rac8 12. Re1 Rfe8 13. Nf1 h6 14. Ng3 Bf8 15. Qd2 Rcd8 16. Nh4 cxd4 17. cxd4 Qa5 18. Qxa5 Nxa5 19. b3 Rc8 20. Bd3 a6 21. d5 g6 22. Bb6 Nb7 23. b4 Be7 24. Nf3 Ra8 25. Be3 Kg7 26. Ra1 Reb8 27. Bc2 a5 28. a3 Ne8 29. Rec1 Ra6 30. Bd3 Rba8 31. bxa5 Rxa5 32. Rab1 h5 33. a4 Rxa4 34. Bxb5 Bxb5 35. Rxb5 Nd8 36. Nd2 h4 37. Ngf1 f5 38. f3 Nf7 39. Rb7 Kf8 40. Rcb1 Ng5 41. Rxe7 Nxh3+ 42. gxh3 Kxe7 43. Bg5+ Kf8 44. Bxh4 Rc8 45. Rb7 Rc2 46. Kf2 fxe4 47. Be7+ Kg8 48. fxe4 Rxe4 49. Bg5 Rd4 50. Ke2 Rxd5 51. Ng3 Rd4 52. h4 Rg4 53. Ngf1 d5 54. Re7 Nd6 55. Rxe5 Ne4 56. Kd1 Ra2 57. Nxe4 dxe4 58. Nd2 Rg2 59. Rxe4 Rh2 60. Rd4 Kf7 61. Rd6 Rg2 62. Rf6+ Kg7 63. Rd6 Kf7 64. Rf6+ Kg7 1/2-1/2

[Event "La Roda op 44th"]
[Site "La Roda"]
[Date "2017.04.13"]
[Round "2"]
[White "Perez Candelario, Manuel"]
[Black "Garcia Diaz, Victor Manuel"]
[Result "1-0"]
[WhiteElo "2576"]
[BlackElo "2134"]
[PlyCount "75"]
[EventDate "2017.04.12"]
[EventType "swiss"]
[EventRounds "9"]
[EventCountry "ESP"]
[SourceTitle "CBM 177 Extra"]
[Source "ChessBase"]
[SourceDate "2017.04.27"]
[SourceVersion "1"]
[SourceVersionDate "2017.04.27"]
[SourceQuality "1"]

1. e4 d5 2. exd5 Nf6 3. d4 Bg4 4. Bb5+ Nbd7 5. f3 Bf5 6. Nc3 a6 7. Ba4 b5 8. Bb3 Nb6 9. Nge2 Nbxd5 10. Nxd5 Nxd5 11. 0-0 e6 12. Ng3 Bg6 13. f4 Be7 14. f5 exf5 15. Nxf5 Bxf5 16. Rxf5 Nf6 17. Be3 0-0 18. Qf3 Rb8 19. c3 a5 20. a3 b4 21. cxb4 axb4 22. a4 Re8 23. Kh1 Qd6 24. Rf1 Rbd8 25. h3 Qa6 26. Bg1 c5 27. Rc1 cxd4 28. Bc4 Qa8 29. Qxa8 Rxa8 30. Bxd4 Red8 31. Bb6 Rd2 32. b3 Bd8 33. Be3 Ra2 34. Rb5 Be7 35. Rb7 Kf8 36. Re1 Rc8 37. Bf4 Ng8 38. Bd6 1-0

[Event "Mostoles op 8th"]
[Site "Mostoles"]
[Date "2015.07.19"]
[Round "4"]
[White "Garcia Diaz, Victor Manuel"]
[Black "Fernandez Blazquez, Diego"]
[Result "1/2-1/2"]
[WhiteElo "2174"]
[BlackElo "2209"]
[PlyCount "44"]
[EventDate "2015.07.16"]
[EventType "swiss"]
[EventRounds "9"]
[EventCountry "ESP"]
[SourceTitle "EXT 2016"]
[Source "ChessBase"]
[SourceDate "2015.10.08"]
[SourceVersion "1"]
[SourceVersionDate "2015.10.08"]
[SourceQuality "1"]

1. e4 e6 2. d4 d5 3. Nc3 Nf6 4. e5 Nfd7 5. f4 c5 6. Nf3 Nc6 7. Be3 Be7 8. Qd2 0-0 9. 0-0-0 c4 10. f5 b5 11. Nxb5 Rb8 12. Nd6 Bxd6 13. exd6 Nf6 14. Ne5 Nb4 15. Kb1 Ne4 16. Qe1 Qxd6 17. Bf4 Nxa2 18. Kxa2 Qa6+ 19. Kb1 Rxb2+ 20. Kxb2 Qb6+ 21. Ka2 Qa6+ 22. Kb2 Qb6+ 1/2-1/2

[Event "Mostoles op 7th"]
[Site "Mostoles "]
[Date "2014.07.22"]
[Round "7"]
[White "Garcia Diaz, Victor Manuel"]
[Black "Sotoca Aguado, Jose"]
[Result "1-0"]
[WhiteElo "2151"]
[BlackElo "1933"]
[PlyCount "72"]
[EventDate "2014.07.16"]
[EventType "swiss"]
[EventRounds "9"]
[EventCountry "ESP"]
[SourceTitle "EXT 2015"]
[Source "ChessBase"]
[SourceDate "2014.11.20"]
[SourceVersion "1"]
[SourceVersionDate "2014.11.20"]
[SourceQuality "1"]

1. e4 e6 2. d4 d5 3. Nc3 dxe4 4. Nxe4 Nf6 5. Nxf6+ gxf6 6. Nf3 c5 7. Be3 cxd4 8. Nxd4 e5 9. Nb5 a6 10. Qxd8+ Kxd8 11. Bb6+ Kd7 12. Nc7 Kc6 13. Nxa8 Be6 14. Ba5 Nd7 15. Nc7 Bf5 16. Nxa6 bxa6 17. Bxa6 Bc5 18. a4 Rg8 19. Bb5+ Kb7 20. g3 Nb8 21. Bc4 Be4 22. 0-0 Nc6 23. Bc3 Bf3 24. Bxf7 Rg7 25. Be6 h5 26. Rfd1 Nd4 27. Bxd4 exd4 28. Bh3 Ka6 29. Bg2 Be2 30. Bf1 Bxf1 31. Kxf1 Rb7 32. b3 Ka5 33. Rd3 Kb4 34. a5 Rh7 35. a6 Ba7 36. Rf3 h4 1-0

[Event "Mostoles op 7th"]
[Site "Mostoles "]
[Date "2014.07.21"]
[Round "6"]
[White "Perez Cameselle, Francisco Jose"]
[Black "Garcia Diaz, Victor Manuel"]
[Result "1/2-1/2"]
[WhiteElo "1899"]
[BlackElo "2151"]
[PlyCount "112"]
[EventDate "2014.07.16"]
[EventType "swiss"]
[EventRounds "9"]
[EventCountry "ESP"]
[SourceTitle "EXT 2015"]
[Source "ChessBase"]
[SourceDate "2014.11.20"]
[SourceVersion "1"]
[SourceVersionDate "2014.11.20"]
[SourceQuality "1"]

1. Nf3 b6 2. g3 Bb7 3. Bg2 g6 4. 0-0 Bg7 5. d3 Nh6 6. e4 0-0 7. Qe2 c5 8. Nbd2 e6 9. c3 d6 10. Re1 b5 11. a4 b4 12. c4 Nc6 13. Nb3 a5 14. Bg5 f6 15. Bf4 e5 16. Bd2 Bc8 17. Nh4 Bd7 18. Qf1 Qc8 19. f4 exf4 20. gxf4 f5 21. e5 Ng4 22. h3 Ngxe5 23. fxe5 Nxe5 24. Bxa8 Qxa8 25. Qg2 Bc6 26. Qg3 Be8 27. Bf4 Qd8 28. Nf3 Nf7 29. d4 cxd4 30. Nbxd4 Qb6 31. Be3 f4 32. Qxf4 Ne5 33. Qe4 Nxc4 34. Ne6 Qc6 35. Qxc6 Bxc6 36. Nxf8 Kxf8 37. Kf2 Bxb2 38. Ra2 Bc3 39. Bh6+ Kf7 40. Ng5+ Kf6 41. Ne4+ Bxe4 42. Rxe4 b3 43. Rae2 Ne5 44. Rxe5 dxe5 45. Bc1 Bd4+ 46. Kf3 Ke6 47. Ke4 Kd6 48. Bb2 Kc5 49. Bxd4+ exd4 50. Kd3 Kb4 51. Kxd4 Kxa4 52. Kc3 Ka3 53. Re1 Ka2 54. Re2+ Ka3 55. Re1 Ka2 56. Re2+ Ka3 1/2-1/2

[Event "Mostoles op 7th"]
[Site "Mostoles "]
[Date "2014.07.18"]
[Round "3"]
[White "Garcia Diaz, Victor Manuel"]
[Black "Pablos Tenrero, Raquel"]
[Result "0-1"]
[WhiteElo "2151"]
[BlackElo "1965"]
[PlyCount "66"]
[EventDate "2014.07.16"]
[EventType "swiss"]
[EventRounds "9"]
[EventCountry "ESP"]
[SourceTitle "EXT 2015"]
[Source "ChessBase"]
[SourceDate "2014.11.20"]
[SourceVersion "1"]
[SourceVersionDate "2014.11.20"]
[SourceQuality "1"]

1. d4 Nf6 2. c4 e6 3. g3 Bb4+ 4. Nd2 0-0 5. Bg2 d5 6. Ngf3 Nbd7 7. 0-0 b6 8. a3 Be7 9. b4 c5 10. dxc5 bxc5 11. cxd5 Nxd5 12. bxc5 Bf6 13. Rb1 Nc3 14. Qc2 Nxb1 15. Nxb1 Ba6 16. Be3 Rc8 17. Rc1 Qa5 18. c6 Nb6 19. Bd2 Qh5 20. Bb4 Rfd8 21. e3 Bd3 22. Qb3 Be4 23. Ne1 Bxg2 24. Nxg2 Qf3 25. Qc2 Nd5 26. Ne1 Qg4 27. Nd3 Qe4 28. Ba5 Rd6 29. Nd2 Qg6 30. Qb3 Ne7 31. Nb4 Rxd2 32. c7 Qf5 33. Rf1 Qxa5 0-1

[Event "Mostoles op 6th"]
[Site "Mostoles"]
[Date "2013.07.24"]
[Round "9"]
[White "Angelina Vela, Carlos"]
[Black "Garcia Diaz, Victor Manuel"]
[Result "1/2-1/2"]
[WhiteElo "1993"]
[BlackElo "2160"]
[PlyCount "74"]
[EventDate "2013.07.16"]
[EventType "swiss"]
[EventRounds "9"]
[EventCountry "ESP"]
[SourceTitle "EXT 2014"]
[Source "ChessBase"]
[SourceDate "2013.11.20"]
[SourceVersion "1"]
[SourceVersionDate "2013.11.20"]
[SourceQuality "1"]

1. d4 e6 2. Nf3 Nf6 3. c4 c5 4. e3 d5 5. Nc3 Nc6 6. Be2 dxc4 7. Bxc4 cxd4 8. exd4 Be7 9. 0-0 0-0 10. a3 a6 11. Re1 b5 12. Ba2 b4 13. d5 bxc3 14. dxc6 Qb6 15. Qc2 Qxc6 16. Bd2 Bb7 17. Qxc3 Qb5 18. Bc4 Qc6 19. Bf1 Nd5 20. Qxc6 Bxc6 21. Rac1 Bb5 22. Bg5 Bxg5 23. Nxg5 Bxf1 24. Kxf1 Rfb8 25. Re2 Rb3 26. g3 g6 27. h4 Kg7 28. Ne4 Rab8 29. Rc6 a5 30. Ra6 Rxb2 31. Rxb2 Rxb2 32. Rxa5 Rb7 33. Nd6 Rd7 34. Ne4 f5 35. Nc5 Re7 36. Nxe6+ Rxe6 37. Rxd5 Ra6 1/2-1/2

[Event "Madrid Chamartin op 1st"]
[Site "Madrid"]
[Date "2012.09.10"]
[Round "2"]
[White "Garcia Diaz, Victor Manuel"]
[Black "Nunez Miranda, Adrian"]
[Result "0-1"]
[WhiteElo "2189"]
[BlackElo "1971"]
[PlyCount "122"]
[EventDate "2012.09.09"]
[EventType "swiss"]
[EventRounds "9"]
[EventCountry "ESP"]
[SourceTitle "CBM 150 Extra"]
[Source "ChessBase"]
[SourceDate "2012.10.19"]
[SourceVersion "1"]
[SourceVersionDate "2012.10.19"]
[SourceQuality "1"]

1. c4 e5 2. Nc3 f5 3. d4 d6 4. dxe5 dxe5 5. Qxd8+ Kxd8 6. Bg5+ Be7 7. 0-0-0+ Ke8 8. h4 Nf6 9. Bxf6 Bxf6 10. e4 f4 11. Nb5 Na6 12. g3 fxg3 13. fxg3 Bd7 14. Be2 Bxb5 15. cxb5 Nc5 16. Bf3 Ke7 17. Ne2 Rad8 18. Kc2 Rxd1 19. Rxd1 Rd8 20. Nc3 Rxd1 21. Bxd1 Ne6 22. Bg4 Nd4+ 23. Kd3 Kd6 24. b4 Bd8 25. Bd1 g6 26. a4 h5 27. Nd5 c6 28. bxc6 bxc6 29. Ne3 Bf6 30. Nc4+ Kc7 31. Nd2 Kb6 32. Bb3 Nxb3 33. Nxb3 Be7 34. Kc4 a6 35. a5+ Kb7 36. Nd2 g5 37. hxg5 Bxg5 38. Nf3 Bf6 39. Ne1 Be7 40. Nf3 Bf6 41. Ne1 Be7 42. Nd3 Bd6 43. Kc3 Kc7 44. Kc4 Kb7 45. Nb2 Be7 46. Nd1 Bg5 47. Nb2 Be7 48. Nd3 Bd6 49. Ne1 Be7 50. Ng2 Bg5 51. Kc3 Kc7 52. Ne1 Be3 53. Nd3 Kd6 54. Kc4 Bg1 55. Nc1 Bf2 56. Ne2 Be1 57. Kb3 c5 58. Nc3 cxb4 59. Nd5 Bxg3 60. Kxb4 Bf2 61. Kc4 h4 0-1

[Event "Madrid Chamartin op 1st"]
[Site "Madrid"]
[Date "2012.09.09"]
[Round "1"]
[White "Martinez Rubio, Felipe"]
[Black "Garcia Diaz, Victor Manuel"]
[Result "0-1"]
[WhiteElo "1835"]
[BlackElo "2189"]
[PlyCount "40"]
[EventDate "2012.09.09"]
[EventType "swiss"]
[EventRounds "9"]
[EventCountry "ESP"]
[SourceTitle "CBM 150 Extra"]
[Source "ChessBase"]
[SourceDate "2012.10.19"]
[SourceVersion "1"]
[SourceVersionDate "2012.10.19"]
[SourceQuality "1"]

1. d4 Nf6 2. Bg5 d5 3. Nf3 c5 4. e3 Nc6 5. c3 e6 6. Nbd2 Be7 7. Bd3 0-0 8. Ne5 cxd4 9. exd4 Nxe5 10. dxe5 Nd7 11. Bf4 Nc5 12. Bc2 b6 13. h4 Ba6 14. Nf3 f6 15. Bxh7+ Kxh7 16. Ng5+ Kg8 17. Qh5 Nd3+ 18. Kd2 fxg5 19. Bxg5 Rxf2+ 20. Ke3 Bc5# 0-1

[Event "Madrid Oliver Gonzalez Memorial 2nd"]
[Site "Madrid"]
[Date "2011.10.13"]
[Round "6"]
[White "Perez Cameselle, Francisco Jose"]
[Black "Garcia Diaz, Victor Manuel"]
[Result "0-1"]
[WhiteElo "1938"]
[BlackElo "2114"]
[PlyCount "94"]
[EventDate "2011.10.08"]
[EventType "swiss"]
[EventRounds "9"]
[EventCountry "ESP"]
[SourceTitle "CBM 144 Extra"]
[Source "ChessBase"]
[SourceDate "2011.10.28"]
[SourceVersion "1"]
[SourceVersionDate "2011.10.28"]
[SourceQuality "1"]

1. Nf3 b5 2. g3 Bb7 3. Bg2 e5 4. 0-0 d6 5. d4 e4 6. Ng5 d5 7. f3 h6 8. Nh3 Nf6 9. Nf4 exf3 10. exf3 Be7 11. Re1 0-0 12. Qe2 Bb4 13. Bd2 Bxd2 14. Qxd2 Qd6 15. Nd3 Nbd7 16. Nc3 a6 17. Ne2 Rfe8 18. Qf4 Qb6 19. Kh1 b4 20. a3 a5 21. axb4 axb4 22. Qd2 Ba6 23. Nef4 Bxd3 24. Qxd3 c5 25. dxc5 Qxc5 26. Ne2 Rxa1 27. Rxa1 Ne5 28. Qd2 Qf2 29. Rf1 Qc5 30. Nd4 Nc4 31. Qf2 Nxb2 32. h4 Nc4 33. Bh3 Ne3 34. Nf5 d4 35. Nxe3 dxe3 36. Qe2 Nd5 37. Re1 Nc3 38. Qd3 e2 39. Kg2 g6 40. f4 h5 41. f5 Kg7 42. fxg6 fxg6 43. Qd7+ Re7 44. Qd3 Qe5 45. Qc4 Nd1 46. Qxb4 Ne3+ 47. Kh2 Nxc2 0-1

[Event "Madrid Villaverde op 15th"]
[Site "Madrid"]
[Date "2011.06.22"]
[Round "3.4"]
[White "Garcia Diaz, Victor Manuel"]
[Black "Alonso Aranzabal, Inigo"]
[Result "0-1"]
[WhiteElo "2145"]
[BlackElo "2027"]
[PlyCount "70"]
[EventDate "2011.06.20"]
[EventType "swiss"]
[EventRounds "8"]
[EventCountry "ESP"]
[SourceTitle "EXT 2024"]
[Source "ChessBase"]
[SourceDate "2023.10.10"]
[SourceVersion "1"]
[SourceVersionDate "2023.10.10"]
[SourceQuality "1"]

1. c4 Nf6 2. g3 g6 3. Bg2 Bg7 4. e3 0-0 5. Ne2 d6 6. h3 e5 7. g4 c6 8. d4 exd4 9. exd4 Nbd7 10. Nbc3 Nb6 11. b3 Re8 12. 0-0 a5 13. Ng3 Be6 14. Be3 d5 15. c5 Nbd7 16. g5 Nh5 17. Nxh5 gxh5 18. Rc1 f6 19. Qxh5 fxg5 20. Bxg5 Qc7 21. Qh4 Kh8 22. Rfe1 Nf8 23. Ne2 Ng6 24. Qh5 Qf7 25. Rcd1 Rg8 26. Ng3 Raf8 27. Be3 Qf6 28. Qe2 Bd7 29. Qh5 Nf4 30. Bxf4 Qxf4 31. Qe2 Bxd4 32. Nh5 Bxf2+ 33. Kh1 Qg5 34. Qe5+ Qxe5 35. Rxe5 Bxc5 0-1

[Event "Madrid Oliver Gonzalez Memorial 1st"]
[Site "Madrid"]
[Date "2010.10.14"]
[Round "6"]
[White "Hernandez Yanez, Javier"]
[Black "Garcia Diaz, Victor Manuel"]
[Result "1-0"]
[WhiteElo "1955"]
[BlackElo "2108"]
[PlyCount "115"]
[EventDate "2010.10.09"]
[EventType "swiss"]
[EventRounds "9"]
[EventCountry "ESP"]
[SourceTitle "CBM 138 Extra"]
[Source "ChessBase"]
[SourceDate "2010.10.29"]
[SourceVersion "1"]
[SourceVersionDate "2010.10.29"]
[SourceQuality "1"]

1. d4 Nf6 2. Nf3 e6 3. Bf4 b6 4. e3 Bb7 5. Bd3 Be7 6. Nbd2 c5 7. c3 d6 8. h3 Nbd7 9. 0-0 Nd5 10. Bh2 g5 11. c4 Nb4 12. Be4 d5 13. cxd5 Nxd5 14. Ne5 N7f6 15. Qa4+ Kf8 16. Bf3 h5 17. e4 Nf4 18. d5 exd5 19. Bxf4 gxf4 20. exd5 Bxd5 21. Qxf4 Be6 22. Bxa8 Qxa8 23. Ndf3 Rg8 24. Kh2 Bd5 25. Rad1 Bxa2 26. Rfe1 Be6 27. Rd3 b5 28. g3 c4 29. Rde3 Rg7 30. Nd4 Kg8 31. Nxe6 fxe6 32. Qf3 Qd5 33. Rd1 Qxf3 34. Nxf3 Kf7 35. Ne5+ Kg8 36. Nc6 Kf7 37. Nxe7 Kxe7 38. Rde1 Nd5 39. Rxe6+ Kd7 40. Ra6 Kd8 41. Re5 Rd7 42. Rxh5 b4 43. Rh8+ Ke7 44. Rh7+ Kd8 45. Rxd7+ Kxd7 46. Rxa7+ Kc6 47. h4 b3 48. Ra1 Nf6 49. f3 Kd5 50. Kg2 Kd4 51. Kf2 Kd3 52. Rc1 Nd5 53. Rd1+ Kc2 54. Rxd5 Kxb2 55. h5 c3 56. h6 c2 57. h7 Kb1 58. h8Q 1-0

[Event "Madrid Oliver Gonzalez Memorial 1st"]
[Site "Madrid"]
[Date "2010.10.12"]
[Round "4"]
[White "Gallardo Garcia, Andres"]
[Black "Garcia Diaz, Victor Manuel"]
[Result "0-1"]
[WhiteElo "2373"]
[BlackElo "2108"]
[PlyCount "70"]
[EventDate "2010.10.09"]
[EventType "swiss"]
[EventRounds "9"]
[EventCountry "ESP"]
[SourceTitle "CBM 138 Extra"]
[Source "ChessBase"]
[SourceDate "2010.10.29"]
[SourceVersion "1"]
[SourceVersionDate "2010.10.29"]
[SourceQuality "1"]

1. e4 d5 2. exd5 Nf6 3. Bb5+ Nbd7 4. Nf3 Nxd5 5. 0-0 c6 6. Bc4 N7b6 7. Bb3 Bg4 8. d4 e6 9. Nbd2 Be7 10. c3 g5 11. Ne4 h6 12. Ng3 h5 13. h3 Bxf3 14. Qxf3 g4 15. hxg4 hxg4 16. Qxg4 Qd7 17. Qf3 0-0-0 18. c4 Nf6 19. Rd1 Rdg8 20. Bf4 Rh4 21. a4 a5 22. Rac1 Rgh8 23. Be5 R8h6 24. d5 Ne4 25. Qxf7 Nxg3 26. Qg8+ Qd8 27. Qxd8+ Kxd8 28. dxc6+ Ke8 29. fxg3 Bc5+ 30. Kf1 Re4 31. Bd4 Bxd4 32. Rxd4 Rxd4 33. cxb7 Nd7 34. Ke2 Kd8 35. c5 Kc7 0-1

[Event "Madrid Oliver Gonzalez Memorial 1st"]
[Site "Madrid"]
[Date "2010.10.10"]
[Round "2"]
[White "Larino Nieto, David"]
[Black "Garcia Diaz, Victor Manuel"]
[Result "1-0"]
[WhiteElo "2451"]
[BlackElo "2108"]
[PlyCount "49"]
[EventDate "2010.10.09"]
[EventType "swiss"]
[EventRounds "9"]
[EventCountry "ESP"]
[SourceTitle "CBM 138 Extra"]
[Source "ChessBase"]
[SourceDate "2010.10.29"]
[SourceVersion "1"]
[SourceVersionDate "2010.10.29"]
[SourceQuality "1"]

1. e4 a6 2. d4 e6 3. Be3 d5 4. Nd2 dxe4 5. Nxe4 Nf6 6. Nxf6+ Qxf6 7. Nf3 b6 8. Bd3 Nd7 9. Qe2 Bd6 10. g3 0-0 11. h4 e5 12. 0-0-0 e4 13. Bxe4 Qe6 14. Bxh7+ Kh8 15. d5 Qe7 16. Qd3 Nc5 17. Bxc5 Bxc5 18. Rde1 Qf6 19. Be4 Bg4 20. Ng5 Qd4 21. f3 Bd7 22. c3 Qa4 23. d6 Qxa2 24. Bd5 Qa1+ 25. Kc2 1-0

[Event "Madrid Oliver Gonzalez Memorial 1st"]
[Site "Madrid"]
[Date "2010.10.09"]
[Round "1"]
[White "Garcia Diaz, Victor Manuel"]
[Black "Martin Rodriguez, Jose Luis"]
[Result "1-0"]
[WhiteElo "2108"]
[BlackElo "1519"]
[PlyCount "59"]
[EventDate "2010.10.09"]
[EventType "swiss"]
[EventRounds "9"]
[EventCountry "ESP"]
[SourceTitle "CBM 138 Extra"]
[Source "ChessBase"]
[SourceDate "2010.10.29"]
[SourceVersion "1"]
[SourceVersionDate "2010.10.29"]
[SourceQuality "1"]

1. e4 e6 2. d4 d5 3. exd5 exd5 4. c4 dxc4 5. Bxc4 Nf6 6. Qb3 Qe7+ 7. Be3 Qb4+ 8. Nc3 Qxb3 9. Bxb3 Bb4 10. Nf3 0-0 11. 0-0 Nbd7 12. Rac1 c6 13. Rfd1 Nb6 14. h3 Bxc3 15. bxc3 Nbd5 16. Bd2 Bf5 17. c4 Ne7 18. Bb4 Rfe8 19. d5 cxd5 20. cxd5 Rad8 21. d6 Nc6 22. Ba3 Ne4 23. Nd4 Nxd4 24. Rxd4 Rc8 25. Rxc8 Rxc8 26. g4 Bg6 27. d7 Rd8 28. Be7 Nc3 29. Rc4 Ne2+ 30. Kh2 1-0

[Event "Madrid Villaverde op 13th"]
[Site "Madrid"]
[Date "2010.06.28"]
[Round "1"]
[White "Garcia Diaz, Victor Manuel"]
[Black "Ibanez Moreno, Sergio"]
[Result "1-0"]
[WhiteElo "2113"]
[BlackElo "1825"]
[PlyCount "149"]
[EventDate "2010.06.28"]
[EventType "swiss"]
[EventRounds "9"]
[EventCountry "ESP"]
[SourceTitle "EXT 2011"]
[Source "ChessBase"]
[SourceDate "2010.11.26"]
[SourceVersion "1"]
[SourceVersionDate "2010.11.26"]
[SourceQuality "1"]

1. e4 e6 2. d4 d5 3. exd5 exd5 4. c4 Nf6 5. Nf3 Bg4 6. h3 Bb4+ 7. Nc3 Qe7+ 8. Be3 Bh5 9. Be2 dxc4 10. 0-0 0-0 11. Bg5 Bxc3 12. bxc3 b5 13. Re1 Qd6 14. a4 Ne4 15. Qc1 Qd5 16. axb5 Nd7 17. Bf4 Nd6 18. Ne5 Nxe5 19. dxe5 Bxe2 20. exd6 Bd3 21. dxc7 Qxb5 22. Re5 Qc6 23. Rea5 a6 24. Qa3 Be4 25. f3 Qb6+ 26. Qc5 Qxc5+ 27. Rxc5 Bb7 28. Raa5 Rfe8 29. Rxc4 Re6 30. Rd4 Rae8 31. Rd8 f6 32. Rb8 Bc8 33. Rd5 Re1+ 34. Kh2 Kf7 35. Rd8 Bf5 36. c8Q Bxc8 37. Rbxc8 Rxd8 38. Rxd8 a5 39. Ra8 Ra1 40. c4 Ra4 41. Bd2 Rxc4 42. Rxa5 Rc2 43. Rd5 h5 44. h4 Ke6 45. Rd4 Kf5 46. Kh3 g6 47. g4+ Ke5 48. Rd8 hxg4+ 49. fxg4 f5 50. gxf5 Kxf5 51. Kg3 Ra2 52. Kf3 Ra3+ 53. Be3 Ra4 54. Rf8+ Ke6 55. Bf4 Ra1 56. Kg4 Ke7 57. Rb8 Rg1+ 58. Bg3 Kf6 59. Rb6+ Kf7 60. Rb3 Kf6 61. Rf3+ Kg7 62. Kg5 Rg2 63. Rb3 Kf7 64. Kg4 Kf6 65. Rb6+ Kf7 66. Kf3 Rc2 67. Bf4 Ra2 68. Be5 Ra4 69. Rf6+ Ke7 70. Rf4 Ra5 71. Bf6+ Ke6 72. Bd4 Ra4 73. Kg4 Kd5 74. Kg5 Ra6 75. Bf6 1-0

[Event "Madrid-chT Honor"]
[Site "Madrid"]
[Date "2010.02.28"]
[Round "12"]
[White "Garcia Diaz, Victor Manuel"]
[Black "Barez Menendez, Hector"]
[Result "1-0"]
[WhiteElo "2095"]
[BlackElo "2144"]
[PlyCount "49"]
[EventDate "2009.11.22"]
[EventType "team-tourn"]
[EventRounds "13"]
[EventCountry "ESP"]
[SourceTitle "EXT 2011"]
[Source "ChessBase"]
[SourceDate "2010.11.26"]
[SourceVersion "1"]
[SourceVersionDate "2010.11.26"]
[SourceQuality "1"]

1. e4 e5 2. Nf3 d6 3. d4 Nf6 4. dxe5 Nxe4 5. Bc4 c6 6. exd6 Nxd6 7. Bd3 Be7 8. 0-0 0-0 9. Bf4 Na6 10. Re1 Nf5 11. Nbd2 Nb4 12. Bc4 b5 13. Bf1 Be6 14. a3 Nd5 15. Be5 Nb6 16. Bd3 Qd7 17. Qe2 Rfe8 18. Qe4 g6 19. Rad1 Nd6 20. Qe2 Bd5 21. Qf1 Qg4 22. h3 Qh5 23. b3 Nd7 24. Bf4 Nb7 25. g4 1-0

[Event "Mostoles Bicentenary op"]
[Site "Mostoles"]
[Date "2008.05.26"]
[Round "5"]
[White "Rodriguez Bachiller, Luis"]
[Black "Garcia Diaz, Victor Manuel"]
[Result "0-1"]
[WhiteElo "1898"]
[BlackElo "2088"]
[PlyCount "60"]
[EventDate "2008.05.20"]
[EventType "swiss"]
[EventRounds "9"]
[EventCountry "ESP"]
[SourceTitle "CBM 124 Extra"]
[Source "ChessBase"]
[SourceDate "2008.07.03"]
[SourceVersion "1"]
[SourceVersionDate "2008.07.03"]
[SourceQuality "1"]

1. e4 c5 2. Nf3 d6 3. d4 cxd4 4. Nxd4 Nf6 5. Nc3 a6 6. Bd3 g6 7. 0-0 Bg7 8. Nb3 Nc6 9. Bg5 0-0 10. Qd2 Re8 11. Bh6 Bh8 12. Rfe1 b5 13. a3 Bb7 14. f3 Ne5 15. Be3 Rc8 16. Rac1 d5 17. Qf2 dxe4 18. Bxe4 Nxe4 19. Nxe4 Bxe4 20. fxe4 Ng4 21. Qf3 Nxe3 22. Qxe3 Bxb2 23. Rcd1 Qc7 24. Re2 Bxa3 25. Ra1 b4 26. h3 a5 27. Nd4 Qc4 28. Nf3 Red8 29. Qh6 Qxe2 30. Re1 Rd1 0-1

[Event "Mostoles Bicentenary op"]
[Site "Mostoles"]
[Date "2008.05.21"]
[Round "2"]
[White "Larino Nieto, David"]
[Black "Garcia Diaz, Victor Manuel"]
[Result "1-0"]
[WhiteElo "2422"]
[BlackElo "2088"]
[PlyCount "79"]
[EventDate "2008.05.20"]
[EventType "swiss"]
[EventRounds "9"]
[EventCountry "ESP"]
[SourceTitle "CBM 124 Extra"]
[Source "ChessBase"]
[SourceDate "2008.07.03"]
[SourceVersion "1"]
[SourceVersionDate "2008.07.03"]
[SourceQuality "1"]

1. e4 c5 2. Nc3 a6 3. a4 e6 4. g3 b6 5. Bg2 Bb7 6. Nge2 Nc6 7. 0-0 d6 8. d4 cxd4 9. Nxd4 Nxd4 10. Qxd4 Ne7 11. Be3 Nc6 12. Qxb6 Qd7 13. Rfd1 Be7 14. Qb3 0-0 15. a5 Rab8 16. Bb6 Ba8 17. Qc4 Rfc8 18. Qxa6 Ne5 19. Qe2 Nc4 20. Na4 Bf6 21. Ra2 Bd8 22. Bxd8 Qxd8 23. a6 Qc7 24. b3 Ne5 25. Rb1 Nc6 26. c3 Na7 27. b4 Nb5 28. Qe3 Qc4 29. Raa1 Qc6 30. c4 Nc7 31. b5 Qe8 32. Nb6 Rd8 33. a7 Rb7 34. Nxa8 Nxa8 35. b6 Qc6 36. e5 d5 37. c5 Rc8 38. Ra5 Nc7 39. Rba1 Na8 40. Qd4 1-0